| 000 | 00516nam a2200145 a 4500 | ||
|---|---|---|---|
| 001 | 5676 | ||
| 003 | CDMR | ||
| 005 | 20130226191344.0 | ||
| 008 | 130130s ||||||||||||||||||||||||||||d | ||
| 020 | _a8483301652 | ||
| 040 |
_aCDMR _bcat _cCDMR |
||
| 245 | 0 |
_aMauthausen _b: Crònica gràfica d'un camp de concentració _cFons fotogràfic de l'amical de Mauthausen ; Rosa Toran, Margarida Sala ; pròlegs de Jaume Sobrequés i Callicó i Joan Escuer i Gomis |
|
| 260 |
_aBarcelona _bViena Edicions _cDL 2002 |
||
| 942 |
_cMON _2ddc |
||
| 999 |
_c5676 _d5676 |
||